00744nam a22002051 450000500170000000800410001701000170005802000260007503500170010103700420011804000180016008200110017824500900018924600290027926000430030827000960035130000240044750000480047170000190051920050808122104.0721219s1962 nyu 000 0 eng  aB-340709-721 a9788190634496c700.00 aB-340709-721 bNorth India Publishers & Distributors adplbEnglish  a972.81 a21 December 2012 :cedited by by P. Pathak [and] Krishna Kumaribend of the world? / aTwenty one December 2012 aDelhibPrashant Publishing Housec2009 aC-34, 28 Futa Road, Gali No.3, West Karawal Nagarb Delhie110094k011-22963970, 9810396373 a264 p.c23cm. (Hb)  aincludes bibliographical references & index aKrishna Kumari